000 00452nam a2200157 4500
001 133440
003 ES-MaACL
005 20230906194415.0
007 t|
008 070214s1921 it r ||||1| ita d
100 1 _aRuiz, Diego.
_9100600
245 1 3 _aLa musicalitá di Eschilo e l'enigma artistico del `Prometeo incatenato` /
_cDiego Ruiz.
260 _aBolonia :
_bPizzi & C.,
_c1921.
300 _a53 p. ;
_c25 cm.
852 _aES-MaACL
_j1604-F-9
999 _c133440
_d133440